000 nam a22 a 4500
999 _c447646
_d447646
003 BLK
005 20220308150022.0
008 180410b bul|||||r ||||||| ||bul||
040 _aBLK
041 _aBUL
_cBUL
080 _aПерсоналии на дейци на партията
_b329(092)
_x(062)
_z329(092)(062)
139 _bТ 65
245 1 0 _aС обич през годините
_bЗлата Калинова Токушева
_h[Малотир. изд.]
260 _aРусе
_bОК на БКП - Русе
_c1984
_9218041
300 _a46 с.
_c21 см
380 _a3
500 _aОкръжен партиен архив.
650 0 _9317889
_aБКП - Русенски край - дейци
653 7 _9198407
_aЗлата Токушева
852 _bК
_cК 32/Т 65
856 4 _qpdf
856 4 _qpdf
942 _cKNG
_n0
_s1
944 _aCR
_c2022-03-08
_kнр